El Gallo de oro : (Record no. 96517)
[ view plain ]
| 000 -LEADER | |
|---|---|
| fixed length control field | 00751nam a22002057a 4500 |
| 005 - DATE AND TIME OF LATEST TRANSACTION | |
| control field | 20150701105953.0 |
| 008 - FIXED-LENGTH DATA ELEMENTS--GENERAL INFORMATION | |
| fixed length control field | 110511t mx||||| |||| 00| 0 spa d |
| 020 ## - INTERNATIONAL STANDARD BOOK NUMBER | |
| International Standard Book Number | 9685208557 |
| 050 04 - LIBRARY OF CONGRESS CALL NUMBER | |
| Classification number | PQ7297.R89 |
| Item number | G35 2010 |
| 100 1# - MAIN ENTRY--PERSONAL NAME | |
| Personal name | Rulfo, Juan, |
| Dates associated with a name | 1917-1986 |
| 245 13 - TITLE STATEMENT | |
| Title | El Gallo de oro : |
| Statement of responsibility, etc | Juan Rulfo ; Textos introductorios de José Carlos Boixo , Douglas Weatherford y Dylan Brennan |
| Remainder of title | la fórmula secreta / |
| 250 ## - EDITION STATEMENT | |
| Edition statement | 1a ed. |
| 260 ## - PUBLICATION, DISTRIBUTION, ETC. (IMPRINT) | |
| Place of publication, distribution, etc | México : |
| Name of publisher, distributor, etc | Editorial RM : Fundación Juan Rulfo, |
| Date of publication, distribution, etc | 2010 |
| 300 ## - PHYSICAL DESCRIPTION | |
| Extent | 155 p. ; |
| Dimensions | 21 cm. |
| 504 ## - BIBLIOGRAPHY, ETC. NOTE | |
| Bibliography, etc | Incluye referencias bibliograficas e índice |
| 650 #7 - SUBJECT ADDED ENTRY--TOPICAL TERM | |
| Source of heading or term | Lemb |
| Topical term or geographic name as entry element | Novela mexicana |
| 650 #7 - SUBJECT ADDED ENTRY--TOPICAL TERM | |
| Source of heading or term | Lemb |
| Topical term or geographic name as entry element | Literatura mexicana |
| 700 1# - ADDED ENTRY--PERSONAL NAME | |
| Personal name | González Boixo, José Carlos, |
| Fuller form of name | tex, intr. |
| 942 ## - ADDED ENTRY ELEMENTS (KOHA) | |
| Source of classification or shelving scheme | Biblioteca del Cogreso de los Estados Unidos |
| Koha item type | Libro |
| Estado de pérdida | Fuente de clasificación | Estado del daño | No para préstamo | Ubicación permanente | Ubicación actual | Apartado o colección | Fecha de adquisición | Edición | Enumeración de Serie / Cronológica | Área del conocimiento | Clasificación | Código de Barras | Date last seen | Número de copia | Tipo de recurso | Nota pública |
|---|---|---|---|---|---|---|---|---|---|---|---|---|---|---|---|---|
| Biblioteca del Cogreso de los Estados Unidos | Biblioteca de la Facultad de Letras | Biblioteca de la Facultad de Letras | General | 01/07/2015 | 1a ed. | LLH000006604 | Educación y Humanidades | PQ7297.R89 G35 2010 | LLH000006604 | 01/07/2015 | C:1 | Libro | General | |||
| Biblioteca del Cogreso de los Estados Unidos | Biblioteca de la Facultad de Letras | Biblioteca de la Facultad de Letras | General | 01/07/2015 | 1a ed. | LLH000006605 | Educación y Humanidades | PQ7298.R89 G35 2010 | LLH000006605 | 01/07/2015 | C:2 | Libro | General |